Elementos para una política de investigación sobre la Amazonia colombiana comité de investigación de Amazonia asesor de Colciencias (Registro nro. 10994)
[ vista simple ]
| 000 -CABECERA | |
|---|---|
| Campo de control | 006230000a22001810004500 |
| 090 ## - CLASIFICACIÓN LOCAL | |
| Colección | AR |
| Consecutivo | 01917 |
| 041 0# - IDIOMA | |
| Código de idioma para texto/pista de sonido o título separado | |
| 100 1# - ASIENTO PRINCIPAL--NOMBRE PERSONAL | |
| Nombre personal | Infante, Miguel |
| 245 10 - MENCION DE TITULO | |
| Título | Elementos para una política de investigación sobre la Amazonia colombiana comité de investigación de Amazonia asesor de Colciencias |
| 650 14 - ASIENTO SECUNDARIO DE MATERIA - TERMINO TEMATICO | |
| Término temático o nombre geográfico como elemento de entrada | Areas de investigación |
| 650 14 - ASIENTO SECUNDARIO DE MATERIA - TERMINO TEMATICO | |
| Término temático o nombre geográfico como elemento de entrada | Amazonia |
| 650 14 - ASIENTO SECUNDARIO DE MATERIA - TERMINO TEMATICO | |
| Término temático o nombre geográfico como elemento de entrada | Recursos naturales |
| 650 14 - ASIENTO SECUNDARIO DE MATERIA - TERMINO TEMATICO | |
| Término temático o nombre geográfico como elemento de entrada | Problemas ambientales |
| 651 #4 - ASIENTO SECUNDARIO DE MATERIA - NOMBRE GEOGRAFICO | |
| -- | Colombia |
| 700 1# - ASIENTO SECUNDARIO - NOMBRE PERSONAL | |
| Nombre personal | Granados, Jorge |
| 773 1# - Item fuente: | |
| Título | Colombia Ciencia y Tecnología |
| Especificación de materiales | 570 |
| Paginas del Articulo | 49-63 |
| Lugar, editorial y fecha de publicación | 1990? |
| 942 ## - ELEMENTOS ADICIONALES (KOHA) | |
| Tipo de ítem | Artículo |
| Withdrawn status | Lost status | Damaged status | No para préstamo | Colección | Ubicación Permanente | Ubicación actual | Fecha de adquisición | Fuente de Valor | Datos de publicación Seriada | Total Checkouts | Número topográfico | Inventario / Código de Barras | Date last seen | Ejemplar | Price effective from | Forma de adquisición | Tipo de material |
|---|---|---|---|---|---|---|---|---|---|---|---|---|---|---|---|---|---|
| No para Préstamo | Hemeroteca | Bogotá | Bogotá | 27/02/2015 | Instituto de Ciencias Naturales | Fuera de circulación | AR 01917 | 012288 | 25/03/2015 | 1 | 25/03/2015 | Artículo |